00439nam a2200181 a 4500001001300000003000900013005001700022008004100039020001000080082001300090100001800103245002100121260003500142300000900177500003500186650001800221700001800239nice12345678IN_TiNIC20260116011936.0070405s1935 luda grp 000 0 ara  ac10000a244bJHO aJhonston, A F aYoel Ibnul Jalib aLudhiyana bNo Publisherc1935 a232p aincludes index and biblioraphy aBible Stories1 aJhonston, A F